000 00291nam a22001337a 4500
008 180815b xxu||||| |||| 00| 0 eng d
020 _a2900072988580
041 _aeng
080 _a34
100 _a14
101 _ajur
245 _acrime and criminology
_creid.s.t
942 _2udc
_cBK
999 _c47187
_d47187